Vojenské výdavky
Vojenské výdavky sú vyčíslením prostriedkov štátu vynaložených na vojenské účely v sledovanom období. V súvislosti s vykazovaním vojenských výdavkov vystupuje do popredia absencia jednotnej definície vojenských výdavkov. Obsahové kritéria vojenských výdavkov sa v rámci jednotlivých krajín môžu výraz...
Gespeichert in:
| 1. Verfasser: | |
|---|---|
| Format: | Buchkapitel |
| Sprache: | Slowakisch |
| Schlagworte: | |
| Tags: |
Keine Tags, Fügen Sie das erste Tag hinzu!
|
MARC
| LEADER | 00000nla$a2200000$$$4500 | ||
|---|---|---|---|
| 001 | 0094392 | ||
| 005 | 20240502083239.8 | ||
| 041 | 0 | |a slo | |
| 044 | |a CZ | ||
| 245 | 1 | 0 | |a Vojenské výdavky |c Michaela Štefančíková |
| 520 | |a Vojenské výdavky sú vyčíslením prostriedkov štátu vynaložených na vojenské účely v sledovanom období. V súvislosti s vykazovaním vojenských výdavkov vystupuje do popredia absencia jednotnej definície vojenských výdavkov. Obsahové kritéria vojenských výdavkov sa v rámci jednotlivých krajín môžu výrazne líšiť. Nízka transparentnosť údajov vedie k zložitej, niekedy nemožnej identifikácii vstupov. Problematické momenty sa dotýkajú spoľahlivosti a porovnávacej schopnosti získaných dát, čo je spôsobené i metódami ich výpočtu a prepočtu. | ||
| 610 | 2 | 0 | |a výdavky |
| 610 | 2 | 0 | |a výdavky na obranu a bezpečnosť |
| 610 | 2 | 0 | |a definície |
| 100 | 1 | |a Štefančíková, Michaela | |